Footsteps of Israel (Record no. 194059)
[ view plain ]
| 000 -LEADER | |
|---|---|
| fixed length control field | 01212 a2200157 4500 |
| 003 - CONTROL NUMBER IDENTIFIER | |
| control field | Nust |
| 005 - DATE AND TIME OF LATEST TRANSACTION | |
| control field | 20170207154115.0 |
| 040 ## - CATALOGING SOURCE | |
| Transcribing agency | Nust |
| 082 ## - DEWEY DECIMAL CLASSIFICATION NUMBER | |
| Classification number | 954.94 |
| 100 ## - MAIN ENTRY--PERSONAL NAME | |
| Personal name | Samuel Greenwood |
| 245 ## - TITLE STATEMENT | |
| Title | Footsteps of Israel |
| 260 ## - PUBLICATION, DISTRIBUTION, ETC. | |
| Place of publication, distribution, etc. | Boston |
| Name of publisher, distributor, etc. | A. A. Beauchamp |
| Date of publication, distribution, etc. | 1922 |
| 300 ## - PHYSICAL DESCRIPTION | |
| Extent | xii: 346 |
| 500 ## - GENERAL NOTE | |
| General note | Paradise Lost or the Dream Mate (Page-1) The Woman and The Serpent (Page-14) The Early morning of History (Page-22) The Rise of Israel (Page-30) The Meaning of Israel (Page-41) Joseph and Judah (Page-51) From Hereby to the red Asia (Page-62) The Convents in the wilderness (Page-75) Proving the world of the Lord (Page-88) The Perils of Disobedience (Page-122) The Coming of Prophets and Kings (Page-133) A House Divided (Page-154) The Times of the Gentiles (Page-175) The Convent of Prophecy (Page-185) The Rise Of Christianity (Page-208) The Woman driven to the Wilderness (Page-219) Emerging from Obscurity (Page-232) The Hebrew Scriptures (Page-243) Israel Restoration in Prophecy (Page-251) At The Threshold of fulfillments (Page-263) Anglo Israel The Second Witness (Page-275) A Light to Lighten the Gentiles (Page-329) Paradise Regained or the dream Dis (Page-336) |
| 538 ## - SYSTEM DETAILS NOTE | |
| System details note | Almirah No.63 Shelf No.3 |
| 942 ## - ADDED ENTRY ELEMENTS (KOHA) | |
| Source of classification or shelving scheme | |
| Koha item type | Book |
| Withdrawn status | Lost status | Source of classification or shelving scheme | Damaged status | Not for loan | Collection code | Permanent Location | Current Location | Date acquired | Total Checkouts | Full call number | Barcode | Date last seen | Price effective from | Koha item type |
|---|---|---|---|---|---|---|---|---|---|---|---|---|---|---|
| Military College of Signals (MCS) | Military College of Signals (MCS) | 12/12/2016 | 954.94 GRE | MCS29633 | 12/08/2016 | 12/12/2016 | Book |
